00423 2200181 4500001002100000005001500021008004100036020002200077035001900099041000700118082000800125090001400133100001600147245001800163260001900181300001900200650002200219INLIS00000000000516620241224113041241224||||||||| | ||| |||| || |  a978-979-066-122-6 0010-1224005166 aid0 a813 a813 ALI A0 aAli Muakhir00aCERITA BALITA bDARMizanc2009 a23 HLM,;20,5CM 0aIlmu Kesusastraan